| 000 | 00765nam a2200205 a 4500 | ||
|---|---|---|---|
| 001 | 000039343 | ||
| 005 | 20201002031614.0 | ||
| 008 | 090911s20uu dr d 000 0 spa d | ||
| 040 |
_aDO-SdBNP _bspa _cBNPHU |
||
| 082 |
_a657.044 _bT683c, |
||
| 100 | 1 |
_aToribio L., Dámaso A. _921615 |
|
| 245 | 1 | 0 |
_aCurso de contabilidad para el primer nivel : _bteoría y práctica, preguntas y problemas / _cDámaso A. Toribio L., Luis E. Madrigal, Víctor de la Rosa. |
| 260 |
_aSanto Domingo : _b[s. n., _c[200?]. |
||
| 300 |
_a158 p. : ; _c24 cm. |
||
| 504 | _aBibliografía : p. 158. | ||
| 650 | 4 |
_aContabilidad _xEnseñanza _920156 |
|
| 650 | 4 |
_aContabilidad _xProblemas, ejercicios, etc. _921597 |
|
| 700 | 1 |
_aMadrigal, Luis E. _921616 |
|
| 700 | 1 |
_aDe la Rosa, Víctor _921617 |
|
| 999 |
_c38833 _d38833 |
||